[Event "Rome Accademia Winter"]
[Site "Rome"]
[Date "2010.02.13"]
[Round "2"]
[White "D'Auria, Giuseppe"]
[Black "Milani, Patrizia"]
[Result "1/2-1/2"]
[WhiteElo "1525"]
[BlackElo "1407"]
[PlyCount "83"]
[EventDate "2010.02.12"]
[EventType "swiss"]
[EventRounds "5"]
[EventCountry "ITA"]
[SourceTitle "EXT 2024"]
[Source "ChessBase"]
[SourceDate "2023.10.10"]
[SourceVersion "1"]
[SourceVersionDate "2023.10.10"]
[SourceQuality "1"]

1. d4 d5 2. c4 Nf6 3. Nc3 c6 4. e3 g6 5. b4 dxc4 6. Bxc4 b5 7. Bb3 e6 8. a3 Bg7 9. Nge2 0-0 10. Bb2 Nbd7 11. a4 Ba6 12. axb5 Bxb5 13. Ra5 Qb6 14. Nxb5 cxb5 15. 0-0 Nd5 16. Bxd5 exd5 17. Qb3 Nf6 18. Rc1 Rfd8 19. Rc5 a6 20. Nf4 Qb7 21. Nd3 Bf8 22. Rc2 Qb8 23. Nc5 Rd6 24. Qa3 Qa7 25. Bc3 Be7 26. Ra2 Qc7 27. Nxa6 Raxa6 28. Rxa6 Rxa6 29. Qxa6 Qxc3 30. Qxb5 Qxb4 31. Ra8+ Kg7 32. Qxb4 Bxb4 33. f3 Bc3 34. Rc8 Bb4 35. Kf2 h5 36. Ke2 Bd6 37. h3 h4 38. e4 dxe4 39. Rd8 exf3+ 40. Kxf3 Bc7 41. Rc8 Bg3 42. Rd8 1/2-1/2

[Event "Rome Accademia Winter"]
[Site "Rome"]
[Date "2010.02.12"]
[Round "1"]
[White "Failli, Riccardo"]
[Black "D'Auria, Giuseppe"]
[Result "1-0"]
[WhiteElo "2040"]
[BlackElo "1525"]
[PlyCount "92"]
[EventDate "2010.02.12"]
[EventType "swiss"]
[EventRounds "5"]
[EventCountry "ITA"]
[SourceTitle "EXT 2024"]
[Source "ChessBase"]
[SourceDate "2023.10.10"]
[SourceVersion "1"]
[SourceVersionDate "2023.10.10"]
[SourceQuality "1"]

1. e4 e5 2. Nf3 Bc5 3. Bc4 d6 4. 0-0 h6 5. c3 Bg4 6. d4 exd4 7. cxd4 Bb6 8. Be3 Ne7 9. h3 Bh5 10. Nc3 c6 11. g4 d5 12. exd5 cxd5 13. Bb5+ Nbc6 14. gxh5 0-0 15. Bxc6 bxc6 16. Ne2 Re8 17. Ng3 Bc7 18. Kg2 Qb8 19. Qd2 f5 20. Ne2 Rf8 21. Nf4 Rf6 22. Kh1 Nc8 23. Ne5 Nb6 24. b3 Qe8 25. Nfg6 Bxe5 26. dxe5 Re6 27. f4 Rd8 28. Qf2 Rb8 29. Rg1 Rb7 30. a4 Rd7 31. a5 Nc8 32. Bc5 Qd8 33. Qd4 Ne7 34. Nxe7+ Rexe7 35. Bxe7 Qxe7 36. b4 Qh4 37. Kh2 Qxh5 38. Rg2 g5 39. fxg5 hxg5 40. Rxg5+ Qxg5 41. Rg1 Qxg1+ 42. Qxg1+ Rg7 43. Qc5 f4 44. Qxc6 f3 45. Qxd5+ Rf7 46. Kg3 f2 1-0

[Event "Rome Nobile Memorial 3rd"]
[Site "Rome"]
[Date "2010.02.11"]
[Round "6"]
[White "D'Auria, Giuseppe"]
[Black "Vanzan, Alessandro"]
[Result "0-1"]
[WhiteElo "1525"]
[BlackElo "1777"]
[PlyCount "104"]
[EventDate "2010.01.14"]
[EventType "swiss"]
[EventRounds "6"]
[EventCountry "ITA"]
[SourceTitle "EXT 2024"]
[Source "ChessBase"]
[SourceDate "2023.10.10"]
[SourceVersion "1"]
[SourceVersionDate "2023.10.10"]
[SourceQuality "1"]

1. d4 d5 2. c4 c6 3. Nc3 Nf6 4. a3 Bf5 5. e3 e6 6. Be2 Be7 7. Nf3 h6 8. c5 0-0 9. b4 a6 10. Bb2 Nbd7 11. a4 Ne4 12. 0-0 Nxc3 13. Bxc3 Nf6 14. Nd2 Ne4 15. Nxe4 Bxe4 16. b5 axb5 17. axb5 Qd7 18. Qb3 Rfb8 19. Ra3 Rxa3 20. Qxa3 b6 21. Qb2 bxc5 22. dxc5 f6 23. Bb4 e5 24. b6 d4 25. Rd1 d3 26. Qb3+ Kf8 27. Bxd3 Rd8 28. Be2 Bd5 29. Qa4 Qb7 30. e4 Ra8 31. Qc2 Ra2 32. Qd3 Bf7 33. Bg4 Be8 34. f3 Ra4 35. Qc3 Qa6 36. Bd7 Qb5 37. Bxe8 Kxe8 38. Rb1 Rxb4 39. Qxb4 Bxc5+ 40. Qxc5 Qxc5+ 41. Kf1 Qd6 42. Ke2 Qb8 43. Kd3 Qb7 44. Kc4 Kd7 45. Kc5 Kc8 46. Rd1 Qa8 47. Rd6 Kb7 48. Rd7+ Kc8 49. Rc7+ Kd8 50. Rxc6 Qa5+ 51. Kd6 Qd2+ 52. Ke6 Qd7# 0-1

[Event "Rome Nobile Memorial 3rd"]
[Site "Rome"]
[Date "2010.01.14"]
[Round "1"]
[White "Prudenzano, Ruggero"]
[Black "D'Auria, Giuseppe"]
[Result "1-0"]
[WhiteElo "1927"]
[BlackElo "1525"]
[PlyCount "56"]
[EventDate "2010.01.14"]
[EventType "swiss"]
[EventRounds "6"]
[EventCountry "ITA"]
[SourceTitle "EXT 2024"]
[Source "ChessBase"]
[SourceDate "2023.10.10"]
[SourceVersion "1"]
[SourceVersionDate "2023.10.10"]
[SourceQuality "1"]

1. d4 Nf6 2. c4 g6 3. Nc3 Bg7 4. e4 d6 5. Nge2 0-0 6. Ng3 e5 7. d5 b6 8. Be2 Nbd7 9. 0-0 Nc5 10. b4 Nb7 11. Be3 a5 12. a3 Bd7 13. Qd2 Ng4 14. Bxg4 Bxg4 15. f3 axb4 16. axb4 Bd7 17. Qb2 Qc8 18. Rxa8 Qxa8 19. Ra1 Qe8 20. Ra7 Bc8 21. Nb5 Qd7 22. Qa2 c6 23. Nc3 Qc7 24. dxc6 Qxc6 25. Nd5 Re8 26. Bxb6 Be6 27. b5 Qc8 28. Nc7 Rf8 1-0